书目信息 |
| 题名: |
声学技术概要
|
|
| 作者: | 里查孙 主编 | |
| 分册: | 上册 | |
| 出版信息: | 北京 科学出版社 1961 |
|
| 页数: | 496页 | |
| 开本: | 20cm | |
| 丛书名: | ||
| 单 册: | ||
| 中图分类: | O42 | |
| 科图分类: | ||
| 主题词: | 声学 | |
| 电子资源: | ||
| ISBN: | ||
| 000 | 00553nam0 2200205 450 | |
| 001 | 0654981719 | |
| 005 | 20060731151815.54 | |
| 010 | @dCNY2.60 | |
| 100 | @a20060731d1961 km y0chiy0120 ea | |
| 101 | 0 | @achi |
| 102 | @aCN@b110000 | |
| 102 | @aCN@b110000 | |
| 200 | 1 | @a声学技术概要@Asheng xue ji shu gai yao@h上册@fE·G·里查孙主编@FE·G·li cha sun zhu bian |
| 210 | @a北京@c科学出版社@d1961 | |
| 215 | @a496页@d20cm | |
| 606 | 0 | @a声学 |
| 690 | @aO42@v3 | |
| 701 | 0 | @a里查孙@Ali cha sun@4主编 |
| 801 | 0 | @aCN@bPFT@c20060731 |
| 905 | @a10447@dO42@e20 | |
| 声学技术概要.上册/E·G·里查孙主编.-北京:科学出版社,1961 |
| 496页;20cm |
| ISBN :CNY2.60 |
| ● |
| 相关链接 |
|
|
|
|
正题名:声学技术概要
索取号:O42/20
 
预约/预借
| 序号 | 登录号 | 条形码 | 馆藏地/架位号 | 状态 | 备注 |
| 1 | 0434193 | 204341934 | 密集书库/ [索取号:O42/20] | 在馆 |